Science Quiz

Random Science or Biology Quiz

Badger Animals - [Picture Click] Quiz Stats

 Plays Quiz not verified by Sporcle

Score 0/9 Timer 03:00
2 Plays Today
% Correct
Dachshund (Badger Dog)
94.5%
Badger Face Welsh Mountain Sheep
94.5%
European Badger
90.8%
Burmese Ferret-Badger
82.7%
Honey Badger
80.1%
Hog Badger
77.1%
Palawan Stink Badger
74.5%
Rock Badger (Rock Hyrax)
72.3%
American Badger
66.8%

You're not logged in!

Compare scores with friends on all Sporcle quizzes.
OR
Log In

Show Comments

Extras

Top Quizzes Today


Score Distribution

Your Account Isn't Verified!

In order to create a playlist on Sporcle, you need to verify the email address you used during registration. Go to your Sporcle Settings to finish the process.

Report this User

Report this user for behavior that violates our Community Guidelines.

Details: